La perspectiva geográfica ante los retos de la sociedad y el medio ambiente en el contexto ibérico (Registro nro. 108792)

Detalles MARC
000 -LEADER
campo de control de longitud fija 01893nam a2200433 a 4500
001 - NÚMERO DE CONTROL
campo de control 108792
003 - IDENTIFICADOR DE NÚMERO DE CONTROL
campo de control FlNmELB
005 - FECHA Y HORA DE LA ÚLTIMA TRANSACCIÓN
campo de control 20241217173905.0
006 - CÓDIGOS DE INFORMACIÓN DE LONGITUD FIJA--CARACTERÍSTICAS DEL MATERIAL ADICIONAL
campo de control de longitud fija m o d |
007 - CAMPO FIJO DE DESCRIPCIÓN FÍSICA--INFORMACIÓN GENERAL
campo de control de longitud fija cr cn|||||||||
008 - DATOS DE LONGITUD FIJA--INFORMACIÓN GENERAL
campo de control de longitud fija 201111r2009 sp |||||s|||||||||||spa d
020 ## - NÚMERO INTERNACIONAL ESTÁNDAR DEL LIBRO
ISBN cancelado o inválido 9788481388404
035 ## - NÚMERO DE CONTROL DEL SISTEMA
Número de control de sistema (MiAaPQ)EBC3195483
035 ## - NÚMERO DE CONTROL DEL SISTEMA
Número de control de sistema (Au-PeEL)EBL3195483
035 ## - NÚMERO DE CONTROL DEL SISTEMA
Número de control de sistema (CaPaEBR)ebr10505065
035 ## - NÚMERO DE CONTROL DEL SISTEMA
Número de control de sistema (OCoLC)929310211
040 ## - FUENTE DE CATALOGACIÓN
Centro catalogador/agencia de origen FlNmELB
Lengua de catalogación spa
Centro/agencia transcriptor FlNmELB
050 #4 - SIGNATURA TOPOGRÁFICA DE LA BIBLIOTECA DEL CONGRESO
Número de clasificación HT395.S7
Número de ítem C719 2009
080 ## - NÚMERO DE LA CLASIFICACIÓN DECIMAL UNIVERSAL
Número de la Clasificación Decimal Universal 911.37(460)(063)
082 04 - NÚMERO DE LA CLASIFICACIÓN DECIMAL DEWEY
Número de clasificación 304.6
Información de edición 22
111 2# - ENTRADA PRINCIPAL--NOMBRE DE CONGRESO/REUNIÓN
Nombre de congreso/reunión o jurisdicción como elemento de entrada Coloquio Ibérico de Geografía
Número del congreso/reunión o número de parte o sección (11 :
Fecha del congreso o de la firma del tratado 2008 :
Sede del congreso/Lugar de la reunión Alcalá de Henares, Pastrana)
245 13 - MENCIÓN DEL TÍTULO
Título La perspectiva geográfica ante los retos de la sociedad y el medio ambiente en el contexto ibérico
Medio [recurso electronico] :
Resto del título ponencias del XI Coloquio Ibérico de Geografía /
Mención de responsabilidad, etc. autores, Joaquín Farinós Dasí ... [et al.] ; editores, Joaquín Bosque Sendra, Víctor Manuel Rodríguez Espinosa.
260 ## - PUBLICACIÓN, DISTRIBUCIÓN, ETC.
Lugar de publicación, distribución, etc. Alcalá de Henares :
Nombre del editor, distribuidor, etc. Universidad de Alcalá, Servicio de Publicaciones,
Fecha de publicación, distribución, etc. 2009.
300 ## - DESCRIPCIÓN FÍSICA
Extensión 199 p.
440 #0 - MENCIÓN DE SERIE/PUNTO DE ACCESO ADICIONAL--TÍTULO
Título Obras colectivas.
Nombre de parte o sección de la obra Humanidades ;
Designación de volumen o secuencia 16
533 ## - NOTA DE REPRODUCCIÓN
Tipo de reproducción Recurso electrónico. Santa Fe, Arg.: e-libro, 2015. Disponible vía World Wide Web. El acceso puede estar limitado para las bibliotecas afiliadas a e-libro.
650 #0 - PUNTO DE ACCESO ADICIONAL DE MATERIA--TÉRMINO DE MATERIA
Término de materia o nombre geográfico como elemento de entrada Ordenación del territorio
Subdivisión de forma Congresos.
650 #0 - PUNTO DE ACCESO ADICIONAL DE MATERIA--TÉRMINO DE MATERIA
Término de materia o nombre geográfico como elemento de entrada Medio ambiente
Subdivisión de forma Congresos.
650 #0 - PUNTO DE ACCESO ADICIONAL DE MATERIA--TÉRMINO DE MATERIA
Término de materia o nombre geográfico como elemento de entrada Population geography
Subdivisión geográfica Spain
Subdivisión de forma Congresses.
650 #0 - PUNTO DE ACCESO ADICIONAL DE MATERIA--TÉRMINO DE MATERIA
Término de materia o nombre geográfico como elemento de entrada Nature conservation
Subdivisión geográfica Spain
Subdivisión de forma Congresses.
650 #0 - PUNTO DE ACCESO ADICIONAL DE MATERIA--TÉRMINO DE MATERIA
Término de materia o nombre geográfico como elemento de entrada Population geography
Subdivisión geográfica Portugal
Subdivisión de forma Congresses.
650 #0 - PUNTO DE ACCESO ADICIONAL DE MATERIA--TÉRMINO DE MATERIA
Término de materia o nombre geográfico como elemento de entrada Nature conservation
Subdivisión geográfica Portugal
Subdivisión de forma Congresses.
653 ## - TÉRMINO DE INDIZACIÓN--NO CONTROLADO
Término no controlado Ordenacion del territorio
655 #4 - TERMINO DE INDIZACIÓN--GENERO/FORMA
Datos o término principal de género/forma Libros electrónicos.
700 1# - ENTRADA AGREGADA--NOMBRE PERSONAL
Nombre de persona Farinós i Dasí, Joaquín.
700 1# - ENTRADA AGREGADA--NOMBRE PERSONAL
Nombre de persona Bosque Sendra, Joaquín.
710 2# - ENTRADA AGREGADA--NOMBRE DE ENTIDAD CORPORATIVA
Nombre de entidad corporativa o nombre de jurisdicción como elemento de entrada e-libro, Corp.
856 40 - LOCALIZACIÓN Y ACCESO ELECTRÓNICOS
Identificador Uniforme de Recurso <a href="https://elibro.net/ereader/politecnicointernacional/53493">https://elibro.net/ereader/politecnicointernacional/53493</a>

No hay ítems disponibles.


Politécnico Internacional

Institución de Educación Superior
Vigilado Mineducación.
SNES 4727 +4135 DEL 11 de nov. de 2004

Sedes

Sede Norte - Av. Boyacá 138 - 70

Sede Sur - Autopista Sur No 67 - 71

Sede Av Chile - Calle 73 Nº 10-45

Información Legal

Derechos Pecuniarios | Habeas Data | Reglamento Biblioteca


Compartir

YouTube | Twitter | Facebook | LinkedIn


Comunícate con nosotros:

Admisiones: 60-1-7950000
Atención al cliente: 60-1-4005700